• 首页
  • 本馆介绍
  • 公告通知
  • 最新文献
  • 馆藏检索
  • 电子资源
  • 读者导购
  • 参考咨询
  • 我的图书馆
  • 登录
  • 详细信息显示
  • 放入我的书架
  • 预约/预借图书
  • 作者相关作品
  • 分类相关作品
  • 丛书相关作品
  • 出版社相关作品

书目信息

  • 表格格式
  • 工作单格式
  • 卡片格式
题名:
领导者
    
 
作者: 理查德·尼克松 著 ;尤勰 译
分册:  
出版信息: 北京   世界知识出版社  1983.10
页数: 404页
开本: 20cm
丛书名: 现代外国政治学术著作选译
单 册:
中图分类: D50
科图分类:
主题词: 国际政治
电子资源:
ISBN:
000 00718nam0 2200241 45
001 0301140946
005 20040421091718.8
010    @dCNY1.50
091    @a3003.1669
100    @a20030114d1983 km y0chiy0120 ea
101 0  @achi@ceng
105    @aa z 000yy
200 1  @a领导者@ALing Dao Zhe@f(美)理查德·尼克松著@F(Mei)Li Cha De·Ni Ke Song Zhu@g尤勰等译
210    @a北京@c世界知识出版社@d1983.10
215    @a404页@c照片@d20cm
225    @a现代外国政治学术著作选译
410    @12001 @a现代外国政治学术著作选译
606 0  @a国际政治
690    @aD50@v3
701  0 @a理查德·尼克松@4著
702  0 @a尤勰@AYou Xie@4译
801    @aCN@bTSTC@c20020624
905    @dD50@e16@f1@b94604@b149895@f1@f1@b149894
    
    领导者/(美)理查德·尼克松著/尤勰等译.-北京:世界知识出版社,1983.10
    404页:照片;20cm.-(现代外国政治学术著作选译)
    
    
    ISBN :CNY1.50
    
●
相关链接 在E读中查询图书 在五车中查询图书 在当当中查询图书 在豆瓣中查询图书


正题名:领导者     索取号:D50/16         预约/预借

序号 登录号 条形码 馆藏地/架位号 状态 备注
1 0094601   001742065   密集书库/ [索取号:D50/16] 在馆    
2 0094603   001742001   密集书库/ [索取号:D50/16] 在馆    
3 0094604   000482524   密集书库/ [索取号:D50/16] 在馆    
4 0094605   001742109   密集书库/ [索取号:D50/16] 在馆    
5 0149891   001828810   密集书库/ [索取号:D50/16] 在馆    
6 0149892   001831959   密集书库/ [索取号:D50/16] 在馆    
7 0149893   001799450   密集书库/ [索取号:D50/16] 在馆    
8 0149894   000787722   密集书库/ [索取号:D50/16] 在馆    
9 0149895   000482169   密集书库/ [索取号:D50/16] 在馆    
唐山师范学院图书馆 欢迎您!
大连网信软件有限公司© 版权所有